Οι εικόνες της συλλογής Ζαχαρία Πορταλάκη : 15ος-20ος αιώνας = Icons of the Zacharias Portalakis collection : 15th-20th century
Saved in:
| Main Author: | |
|---|---|
| Format: | Book |
| Language: | Greek English |
| Published: |
[Ηράκλειο] :
Εταιρία Κρητικών Ιστορικών Μελετών,
2015.
|
| Subjects: | |
| Tags: |
Add Tag
No Tags, Be the first to tag this record!
|
MARC
| LEADER | 00000cam a2200000 a 4500 | ||
|---|---|---|---|
| 001 | 1/121290 | ||
| 008 | 200430s2015####gr a|||||| |||| ||gre|| | ||
| 020 | |a 9789609480321 | ||
| 040 | |a GR-MyUa |b gre |c GR-MyUa |e AACR2 | ||
| 041 | 0 | |a gre |a eng | |
| 082 | 7 | |a 704.9 |2 (23) | |
| 100 | 1 | |a Κούτσικου, Χρυσαυγή. | |
| 245 | 1 | 3 | |a Οι εικόνες της συλλογής Ζαχαρία Πορταλάκη : |b 15ος-20ος αιώνας = Icons of the Zacharias Portalakis collection : 15th-20th century / |c Κούτσικου Χρυσαυγή. |
| 246 | 1 | |i Παράλληλος τίτλος: |a Icons of the Zacharias Portalakis collection : |b 15th-20th century | |
| 260 | |a [Ηράκλειο] : |b Εταιρία Κρητικών Ιστορικών Μελετών, |c 2015. | ||
| 300 | |a 196 σ. : |b έγχρ. εικ. ; |c 32 εκ. | ||
| 650 | 0 | |a Christian art and symbolism | |
| 650 | 0 | |a Icons, Byzantine | |
| 852 | |a INST |b LESVOS |e 20200430 |h 704.9 ΚΟΥ |p 005100062482 |q 005100062482 |t BK |y 0 | ||
| 920 | |a Εταιρία Κρητικών Ιστορικών Μελετών |y Λέσβος |z 2019 | ||
| 970 | |a Δημάκη |b Μαρία |z 30-04-2020 | ||